Ekonomika a organizácia práce

Guardado en:
Detalles Bibliográficos
Autor principal: Stračárová, Eva
Autor Corporativo: Vysoká škola ekonomická v Bratislave. Fakulta ekonomiky a riadenia výrobných odvetví
Otros Autores: Kachaňáková, Anna, Rudy, Ján, Lénártová, Gizela, Demko, Peter, Czíria, Ľudovít, Kráľovič, Jozef
Formato: Libro
Lenguaje:eslovaco
Publicado: Bratislava Edičné stredisko Vysokej školy ekonomickej 1987
Etiquetas: Agregar Etiqueta
Sin Etiquetas, Sea el primero en etiquetar este registro!

MARC

LEADER 00000nam a2200000 4500
001 c111724
005 20240502071316.6
041 0 |a slo 
044 |a SK 
245 1 0 |a Ekonomika a organizácia práce  |c Eva Stračárová a kolektív 
264 1 |a Bratislava  |b Edičné stredisko Vysokej školy ekonomickej  |c 1987 
300 |a 295 s. 
100 1 |a Stračárová, Eva 
700 1 |a Kachaňáková, Anna 
700 1 |a Rudy, Ján 
700 1 |a Lénártová, Gizela 
700 1 |a Demko, Peter 
700 1 |a Czíria, Ľudovít 
700 1 |a Kráľovič, Jozef 
710 2 |a Vysoká škola ekonomická v Bratislave. Fakulta ekonomiky a riadenia výrobných odvetví